Welcome to WEB OPAC of MRSPTU Central Library

Production and operations management (Record no. 5920)

MARC details
000 -LEADER
fixed length control field 00472nam a2200181Ia 4500
008 - FIXED-LENGTH DATA ELEMENTS--GENERAL INFORMATION
fixed length control field 230711s9999||||xx |||||||||||||| ||und||
020 ## - INTERNATIONAL STANDARD BOOK NUMBER
International Standard Book Number 978-81-203-0836-1
041 ## - LANGUAGE CODE
Language code of text/sound track or separate title ENG
082 ## - DEWEY DECIMAL CLASSIFICATION NUMBER
Classification number 658.4
Item number AD-P
100 ## - MAIN ENTRY--PERSONAL NAME
Personal name Adam,Everett E
245 #0 - TITLE STATEMENT
Title Production and operations management
250 ## - EDITION STATEMENT
Edition statement 5th Ed.
260 ## - PUBLICATION, DISTRIBUTION, ETC.
Date of publication, distribution, etc. 2016
Place of publication, distribution, etc. New Delhi
Name of publisher, distributor, etc. PHI Learning Private Limited
300 ## - PHYSICAL DESCRIPTION
Extent 729p.
650 ## - SUBJECT ADDED ENTRY--TOPICAL TERM
Topical term or geographic name entry element UNIVESITY BUSNIESS SCHOOL
700 ## - ADDED ENTRY--PERSONAL NAME
Personal name Ebert,Ronald J
942 ## - ADDED ENTRY ELEMENTS (KOHA)
Koha item type Book
Holdings
Withdrawn status Lost status Damaged status Not for loan Collection Home library Current library Date acquired Cost, normal purchase price Inventory number Total checkouts Full call number Barcode Date last seen Price effective from Koha item type Date last checked out
          MRSPTU Central Library MRSPTU Central Library   550.00 842483   658.4 AD-P 31958 08/17/2023 08/17/2023 Book  
          MRSPTU Central Library MRSPTU Central Library   550.00 842483   658.4 AD-P 31959 08/17/2023 08/17/2023 Book  
          MRSPTU Central Library MRSPTU Central Library   550.00 842483   658.4 AD-P 31960 08/17/2023 08/17/2023 Book  
          MRSPTU Central Library MRSPTU Central Library       1 658.1541 AD-P 37718 11/29/2023 08/17/2023 Book 11/15/2023
          MRSPTU Central Library MRSPTU Central Library         658.1541 AD-P 37719 08/17/2023 08/17/2023 Book  
          MRSPTU Central Library MRSPTU Central Library         658.1541 AD-P 37720 08/17/2023 08/17/2023 Book  
          MRSPTU Central Library MRSPTU Central Library         658.1541 AD-P 37721 08/17/2023 08/17/2023 Book  
          MRSPTU Central Library MRSPTU Central Library         658.1541 AD-P 37722 08/17/2023 08/17/2023 Book  
          MRSPTU Central Library MRSPTU Central Library         658.1541 AD-P 37723 08/17/2023 08/17/2023 Book  
          MRSPTU Central Library MRSPTU Central Library         658.1541 AD-P 37724 08/17/2023 08/17/2023 Book  
          MRSPTU Central Library MRSPTU Central Library         658.1541 AD-P 37725 08/17/2023 08/17/2023 Book  
          MRSPTU Central Library MRSPTU Central Library         658.1541 AD-P 37726 08/17/2023 08/17/2023 Book  
          MRSPTU Central Library MRSPTU Central Library         658.1541 AD-P 37727 08/17/2023 08/17/2023 Book  
          MRSPTU Central Library MRSPTU Central Library         658.1541 AD-P 37728 08/17/2023 08/17/2023 Book  
          MRSPTU Central Library MRSPTU Central Library         658.1541 AD-P 37729 08/17/2023 08/17/2023 Book  
          MRSPTU Central Library MRSPTU Central Library         658.1541 AD-P 37730 08/17/2023 08/17/2023 Book  
          MRSPTU Central Library MRSPTU Central Library         658.1541 AD-P 37731 08/17/2023 08/17/2023 Book  
          MRSPTU Central Library MRSPTU Central Library         658.1541 AD-P 37732 08/17/2023 08/17/2023 Book  

Website Designed and Developed by MRSPTU Central Library Team

E-mail Id: librarian@mrsptu.ac.in